Normal view
MARC view
- الاسلام -حديث - رسائل
Entry Topical Term
001 - CONTROL NUMBER
- control field: 19004
003 - CONTROL NUMBER IDENTIFIER
- control field: JO-AjAnu
005 - DATE AND TIME OF LATEST TRANSACTION
- control field: 20230606073328.0
008 - FIXED-LENGTH DATA ELEMENTS
- fixed length control field: 230606|| aca||aabn | a|a d
040 ## - CATALOGING SOURCE
- Original cataloging agency: JO-AjAnu
- Transcribing agency: JO-AjAnu
150 ## - HEADING--TOPICAL TERM
- Topical term or geographic name entry element: الاسلام -حديث - رسائل
670 ## - SOURCE DATA FOUND
- Source citation: Work cat.: (JO-AjAnu)9751: تحقيق وتقديم وتعليق علي حسن علي عبد الحميد, author 19003, ثلاث رسائل في علوم الحديث